[Event "Superfest"]
[Site "Sainte-Adele CAN"]
[Date "2012.08.18"]
[Round "4"]
[White "Lemieux, Serge"]
[Black "Sprumont, Oscar"]
[Result "0-1"]
[WhiteElo "1597"]
[BlackElo "1884"]
[PlyCount "64"]
[GameId "2160767909445554"]
[EventDate "2012.08.15"]
[EventType "swiss"]
[EventRounds "5"]
[EventCountry "CAN"]
[SourceTitle "hb 2012"]

1. d4 d5 2. Bg5 g6 3. e3 Bg7 4. c4 Nf6 5. Nc3 c6 6. Bd3 O-O 7. Nf3 Nbd7 8. O-O Nb6 9. b3 Re8 10. Rc1 dxc4 11. bxc4 c5 12. d5 Nbd7 13. e4 e5 14. h3 Nb6 15. Qd2 Bd7 16. Bh4 Qc7 17. g4 Re7 18. Be2 Nc8 19. Bg3 Ne8 20. Nb5 Bxb5 21. cxb5 Ncd6 22. Qc2 b6 23. a4 Qd7 24. Nh2 Nc7 25. f4 exf4 26. Bf2 Nxe4 27. Bf3 Rae8 28. Bxe4 Rxe4 29. Rce1 Rxe1 30. Rxe1 Rxe1+ 31. Bxe1 Bd4+ 32. Bf2 Qxd5 0-1

[Event "Superfest"]
[Site "Sainte-Adele CAN"]
[Date "2012.08.18"]
[Round "4"]
[White "Sambuev, Bator"]
[Black "Hebert, Jean"]
[Result "1-0"]
[WhiteElo "2530"]
[BlackElo "2440"]
[PlyCount "99"]
[GameId "2160767909445555"]
[EventDate "2012.08.15"]
[EventType "swiss"]
[EventRounds "5"]
[EventCountry "CAN"]
[SourceTitle "hb 2012"]

1. d4 d5 2. Nf3 Nf6 3. e3 c5 4. c4 e6 5. Nc3 a6 6. cxd5 exd5 7. Be2 Nc6 8. O-O cxd4 9. Nxd4 Bd6 10. Bf3 O-O 11. Nxc6 bxc6 12. b3 Qc7 13. g3 Bh3 14. Re1 Rfe8 15. Bb2 Rad8 16. Rc1 Qd7 17. Qd3 a5 18. Red1 Bg4 19. Bxg4 Nxg4 20. Ne2 Re4 21. Nf4 Rde8 22. Rc2 Bxf4 23. exf4 f6 24. Kg2 Qe6 25. Bd4 h5 26. Qf3 Re2 27. Rxe2 Qxe2 28. Qxe2 Rxe2 29. a4 Rc2 30. h3 Nh6 31. Bb6 Nf5 32. Rd3 Nd6 33. Bxa5 Ne4 34. Be1 Kf7 35. b4 Ra2 36. b5 Ke6 37. b6 Nc5 38. Re3+ Kd7 39. a5 Nb7 40. Bb4 c5 41. Ba3 Nxa5 42. Bxc5 Nc6 43. Rd3 Ke6 44. Rb3 Ra8 45. f5+ Kxf5 46. b7 Rd8 47. Rb6 Nb8 48. Rd6 Rd7 49. Rxd7 Nxd7 50. Kf3 1-0

[Event "Superfest"]
[Site "Sainte-Adele CAN"]
[Date "2012.08.18"]
[Round "4"]
[White "Wang, Jesse BJ"]
[Black "Chiku-Ratte, Olivier-Kenta"]
[Result "1/2-1/2"]
[WhiteElo "2096"]
[BlackElo "2174"]
[PlyCount "83"]
[GameId "2160767909445556"]
[EventDate "2012.08.15"]
[EventType "swiss"]
[EventRounds "5"]
[EventCountry "CAN"]
[SourceTitle "hb 2012"]

1. e4 c5 2. Nf3 d6 3. d4 cxd4 4. Nxd4 Nf6 5. Nc3 g6 6. g3 Nc6 7. Nde2 Bg7 8. Bg2 O-O 9. O-O Rb8 10. b3 b5 11. Bb2 Nd7 12. a3 a5 13. Qc1 Ba6 14. Rd1 Nc5 15. b4 axb4 16. axb4 Na4 17. Nxa4 bxa4 18. Bxg7 Kxg7 19. Nf4 Rxb4 20. c3 Rb8 21. Rxa4 Bb5 22. Ra1 Ne5 23. Ra7 Bc4 24. Qe3 Ra8 25. Nd5 Rxa7 26. Qxa7 Bxd5 27. exd5 Nd7 28. Qd4+ Kg8 29. Re1 Re8 30. h4 Qb6 31. Qa4 Nf6 32. g4 Qd8 33. Bf3 Nd7 34. Kg2 Nc5 35. Qd4 e5 36. dxe6 Nxe6 37. Qa4 Qb8 38. Re4 Rc8 39. Qa2 d5 40. Rb4 Nf4+ 41. Kg3 Ne2+ 42. Kg2 1/2-1/2

[Event "Superfest"]
[Site "Sainte-Adele CAN"]
[Date "2012.08.19"]
[Round "5"]
[White "Carrier, Claude"]
[Black "Forget, Luc"]
[Result "1/2-1/2"]
[WhiteElo "2179"]
[BlackElo "1983"]
[PlyCount "65"]
[GameId "2160767909445557"]
[EventDate "2012.08.15"]
[EventType "swiss"]
[EventRounds "5"]
[EventCountry "CAN"]
[SourceTitle "hb 2012"]

1. e4 e5 2. Nf3 Nc6 3. Bb5 a6 4. Ba4 Nf6 5. O-O Nxe4 6. d4 b5 7. Bb3 d5 8. dxe5 Be6 9. Qe2 Bc5 10. Be3 O-O 11. Rd1 Qe7 12. Bxd5 Bxd5 13. Rxd5 Rad8 14. Rxd8 Rxd8 15. Nbd2 Nxd2 16. Bxd2 Nd4 17. Nxd4 Bxd4 18. Bc3 Bxc3 19. bxc3 g6 20. Re1 Qe6 21. a3 c5 22. h4 h5 23. Qe4 Kg7 24. Re3 c4 25. Rf3 Rd5 26. Rf6 Qxe5 27. Qxe5 Rxe5 28. Rxa6 Re1+ 29. Kh2 Rc1 30. a4 Rxc2 31. axb5 Rxc3 32. Ra4 Rb3 33. Rxc4 1/2-1/2

[Event "Superfest"]
[Site "Sainte-Adele CAN"]
[Date "2012.08.19"]
[Round "5"]
[White "Chiku-Ratte, Olivier-Kenta"]
[Black "Kraiouchkine, Nikita"]
[Result "0-1"]
[WhiteElo "2174"]
[BlackElo "2287"]
[PlyCount "84"]
[GameId "2160767909445558"]
[EventDate "2012.08.15"]
[EventType "swiss"]
[EventRounds "5"]
[EventCountry "CAN"]
[SourceTitle "hb 2012"]

1. d4 e6 2. c4 Bb4+ 3. Nc3 b6 4. e3 Bb7 5. Nge2 f5 6. a3 Be7 7. d5 Nf6 8. g3 a5 9. Bg2 Na6 10. Rb1 e5 11. O-O Bd6 12. e4 fxe4 13. Nxe4 Nxe4 14. Bxe4 Qe7 15. h4 O-O 16. Qc2 h6 17. f4 Nc5 18. Bh7+ Kh8 19. fxe5 Rxf1+ 20. Kxf1 Bxe5 21. b4 Rf8+ 22. Kg2 axb4 23. axb4 Ne6 24. Be3 Ra8 25. Be4 Nf8 26. c5 d6 27. cxb6 cxb6 28. Bxb6 Rc8 29. Qd3 Nd7 30. Be3 Nf6 31. Bf3 Qf7 32. Rd1 Ra8 33. Rd2 Ra1 34. Nf4 Qd7 35. Ne6 Ba6 36. Qg6 Bc4 37. Rc2 Nxd5 38. Nf8 Nxe3+ 39. Kf2 Rf1+ 40. Kxe3 Qa7+ 41. Ke4 Qd4+ 42. Kf5 Rxf3# 0-1

[Event "Superfest"]
[Site "Sainte-Adele CAN"]
[Date "2012.08.19"]
[Round "5"]
[White "Plante, Michel"]
[Black "Lemieux, Serge"]
[Result "1-0"]
[WhiteElo "2016"]
[BlackElo "1597"]
[PlyCount "53"]
[GameId "2160767909445559"]
[EventDate "2012.08.15"]
[EventType "swiss"]
[EventRounds "5"]
[EventCountry "CAN"]
[SourceTitle "hb 2012"]

1. b3 g6 2. Bb2 Nf6 3. e4 d6 4. f4 Bg7 5. g3 Nc6 6. Bg2 e5 7. Ne2 Qe7 8. O-O Bd7 9. d4 Ng4 10. Qd2 exf4 11. Nxf4 Bh6 12. Nc3 Nf6 13. Ncd5 Qd8 14. Nxf6+ Qxf6 15. e5 Bxf4 16. Rxf4 Qg7 17. exd6 O-O-O 18. c4 Rde8 19. Bxc6 bxc6 20. d5 Qh6 21. dxc7 Rhf8 22. d6 Be6 23. Qa5 Kd7 24. Qxa7 Rc8 25. Qe3 Qh3 26. Raf1 f5 27. Rh4 1-0

[Event "Superfest"]
[Site "Sainte-Adele CAN"]
[Date "2012.08.19"]
[Round "5"]
[White "Sprumont, Oscar"]
[Black "Wang, Jesse BJ"]
[Result "1-0"]
[WhiteElo "1884"]
[BlackElo "2096"]
[PlyCount "63"]
[GameId "2160767909445561"]
[EventDate "2012.08.15"]
[EventType "swiss"]
[EventRounds "5"]
[EventCountry "CAN"]
[SourceTitle "hb 2012"]

1. f4 Nf6 2. Nf3 g6 3. g3 Bg7 4. Bg2 d6 5. O-O O-O 6. d3 e5 7. Nc3 Nc6 8. e4 Nd4 9. Nxd4 exd4 10. Ne2 c5 11. f5 Qe7 12. Bg5 h6 13. Bxf6 Qxf6 14. Nf4 gxf5 15. Nd5 Qg5 16. exf5 Be5 17. Be4 Kh8 18. Qf3 Bd7 19. Rf2 Bc6 20. Kh1 Bxd5 21. Bxd5 Qe3 22. Qg2 Rab8 23. Bxb7 c4 24. Rd1 cxd3 25. cxd3 f6 26. b3 Rf7 27. Bd5 Rc7 28. Bc4 Rc5 29. Re2 Qg5 30. Qf3 a5 31. a3 h5 32. Re4 1-0

[Event "Superfest"]
[Site "Sainte-Adele CAN"]
[Date "2012.08.21"]
[Round "5"]
[White "Hebert, Jean"]
[Black "Caire, Francois"]
[Result "1-0"]
[WhiteElo "2440"]
[BlackElo "2270"]
[PlyCount "41"]
[GameId "2160767909445562"]
[EventDate "2012.08.15"]
[EventType "swiss"]
[EventRounds "5"]
[EventCountry "CAN"]
[SourceTitle "hb 2012"]

1. d4 Nf6 2. Nf3 e6 3. c4 b6 4. a3 Ba6 5. e3 d5 6. b3 c5 7. Bd3 cxd4 8. exd4 Be7 9. O-O O-O 10. Re1 dxc4 11. bxc4 Nc6 12. Bb2 Rc8 13. Nbd2 Re8 14. Qa4 Bb7 15. Rad1 Rc7 16. Bb1 Na5 17. d5 Qd7 18. Qc2 g6 19. dxe6 fxe6 20. Ne5 Qc8 21. Nxg6 1-0

[Event "Superfest U1400"]
[Site "Sainte-Adele CAN"]
[Date "2012.08.15"]
[Round "1"]
[White "Ouellet, Maili-Jade"]
[Black "Rodrigue-Lemieux, Shawn"]
[Result "0-1"]
[WhiteElo "1269"]
[BlackElo "906"]
[PlyCount "110"]
[GameId "2160767909445564"]
[EventDate "2012.08.15"]
[EventType "swiss"]
[EventRounds "5"]
[EventCountry "CAN"]
[SourceTitle "hb 2012"]

1. d4 d5 2. c4 e5 3. Nc3 c6 4. cxd5 cxd5 5. dxe5 d4 6. Ne4 Nc6 7. Nf3 Bf5 8. Ng3 Bg6 9. Bg5 f6 10. exf6 Nxf6 11. a3 Bc5 12. Rc1 Bb6 13. Nd2 O-O 14. Nde4 Re8 15. Nxf6+ gxf6 16. Bh6 d3 17. e3 Ba5+ 18. b4 Nxb4 19. f3 d2+ 20. Kf2 dxc1=Q 21. Qxc1 Nd3+ 22. Bxd3 Qxd3 23. Rd1 Qc2+ 24. Qxc2 Bxc2 25. Rd7 Rad8 26. Rg7+ Kh8 27. e4 Bb6+ 28. Ke1 Be3 29. Rc7 Bxh6 30. Rxc2 Re7 31. Nf5 Bd2+ 32. Rxd2 Rxd2 33. Kxd2 Re5 34. Nd6 Re7 35. Ke3 b6 36. Kf4 Rd7 37. Ne8 Rd3 38. a4 Rd4 39. a5 bxa5 40. Nxf6 a4 41. Nd5 a3 42. Nc3 Rc4 43. Na2 Rc2 44. Nb4 Rb2 45. Nd3 Rd2 46. Nb4 a5 47. Na2 Rxa2 48. e5 Re2 49. Kf5 a2 50. e6 a1=Q 51. f4 Qb1+ 52. Kf6 Qg6+ 53. Ke7 Qxe6+ 54. Kd8 Rc2 55. f5 Rc8# 0-1

[Event "Superfest U1400"]
[Site "Sainte-Adele CAN"]
[Date "2012.08.15"]
[Round "1"]
[White "Plouffe, Michel"]
[Black "Couture, Francois"]
[Result "0-1"]
[WhiteElo "1127"]
[BlackElo "838"]
[PlyCount "70"]
[GameId "2160767909445566"]
[EventDate "2012.08.15"]
[EventType "swiss"]
[EventRounds "5"]
[EventCountry "CAN"]
[SourceTitle "hb 2012"]

1. d4 Nf6 2. Nf3 e6 3. Bf4 Nd5 4. Bg3 Nc6 5. e4 Nf6 6. e5 Nd5 7. c4 Nde7 8. Bh4 d6 9. Qa4 Qd7 10. Nc3 d5 11. c5 a6 12. b4 b6 13. b5 Na5 14. c6 axb5 15. Bxb5 Nexc6 16. O-O Bb7 17. Rfe1 Be7 18. Bxe7 Qxe7 19. Ne2 O-O 20. Qc2 Na7 21. Bd3 g6 22. h4 c5 23. g4 c4 24. Bxg6 fxg6 25. Kg2 N7c6 26. Rh1 Qf7 27. Rh3 Nb4 28. Qd2 Nac6 29. Rah1 Ra3 30. Nc3 Nd3 31. Kf1 Nxd4 32. Qe3 Rxc3 33. Qxd4 Rc1+ 34. Kg2 Nf4+ 35. Kg3 Ne2+ 0-1

[Event "Superfest U1400"]
[Site "Sainte-Adele CAN"]
[Date "2012.08.15"]
[Round "1"]
[White "Saint-Cyr, Xavier"]
[Black "Mikhaylov, Dimitry"]
[Result "1-0"]
[WhiteElo "1231"]
[BlackElo "921"]
[PlyCount "49"]
[GameId "2160767909445567"]
[EventDate "2012.08.15"]
[EventType "swiss"]
[EventRounds "5"]
[EventCountry "CAN"]
[SourceTitle "hb 2012"]

1. e4 e5 2. Nf3 Nc6 3. Bc4 Nf6 4. Ng5 d5 5. exd5 Nxd5 6. Qf3 Qxg5 7. Bxd5 Be6 8. Bxc6+ bxc6 9. Qxc6+ Bd7 10. Qxa8+ Ke7 11. Qf3 Bg4 12. Qe3 Qg6 13. Qxe5+ Kd8 14. d3 Bd6 15. Qd5 Re8+ 16. Be3 Kd7 17. Nd2 c6 18. Qd4 c5 19. Qd5 Bh5 20. Ne4 Re6 21. Nxc5+ Ke7 22. Nxe6 fxe6 23. Qg5+ Qf6 24. Qxf6+ gxf6 25. O-O 1-0

[Event "Superfest U1400"]
[Site "Sainte-Adele CAN"]
[Date "2012.08.15"]
[Round "1"]
[White "Satir, Ege Nur"]
[Black "Gao, Christine"]
[Result "0-1"]
[WhiteElo "1102"]
[BlackElo "1202"]
[PlyCount "146"]
[GameId "2160767909445568"]
[EventDate "2012.08.15"]
[EventType "swiss"]
[EventRounds "5"]
[EventCountry "CAN"]
[SourceTitle "hb 2012"]

1. d4 Nf6 2. c4 e6 3. Nc3 Bb4 4. Bd2 O-O 5. Nf3 d5 6. e3 b6 7. Bd3 Bb7 8. Qc2 Nbd7 9. cxd5 exd5 10. O-O c5 11. a3 Bxc3 12. Bxc3 h6 13. Nd2 Re8 14. Rac1 a6 15. b4 c4 16. Be2 b5 17. Bf3 Ne4 18. Nxe4 dxe4 19. Be2 f5 20. Bh5 Re6 21. Qd2 Nf6 22. Be2 Nd5 23. Rfd1 Qg5 24. g3 Rf8 25. Bf1 f4 26. Re1 fxe3 27. fxe3 Rf3 28. Bg2 Rxe3 29. Rxe3 Qxe3+ 30. Qxe3 Nxe3 31. Bh3 Rd6 32. Kf2 Nd5 33. Bb2 Rf6+ 34. Ke2 Rc6 35. Bc3 Rf6 36. Bb2 Kf7 37. Rf1 Rxf1 38. Kxf1 Ke7 39. Ke2 Kd6 40. Bg2 Nf6 41. Ke3 g5 42. Bh1 Ng4+ 43. Ke2 Nxh2 44. Bg2 Ng4 45. Bh3 Nf6 46. Kd2 g4 47. Bf1 Nh5 48. Ke3 Nxg3 49. Bg2 h5 50. Kf4 Ne2+ 51. Kg5 Kd5 52. Kxh5 Bc8 53. Kh4 Nxd4 54. Kg3 Ne2+ 55. Kf2 c3 56. Ba1 c2 57. Bb2 c1=Q 58. Bxc1 Nxc1 59. Ke3 Kc4 60. Bxe4 Kb3 61. Kd2 Na2 62. Bd5+ Kxa3 63. Ke2 Nc3+ 64. Kf2 Nxd5 65. Kg3 Kxb4 66. Kg2 a5 67. Kg3 a4 68. Kg2 a3 69. Kg3 a2 70. Kf2 a1=Q 71. Kg2 Qb2+ 72. Kg1 Ne3 73. Kh1 Qg2# 0-1

[Event "Superfest U1400"]
[Site "Sainte-Adele CAN"]
[Date "2012.08.15"]
[Round "1"]
[White "Senecal, Jean-Pierre"]
[Black "Serban, Diana"]
[Result "1-0"]
[WhiteElo "1309"]
[BlackElo "1121"]
[PlyCount "77"]
[GameId "2160767909445569"]
[EventDate "2012.08.15"]
[EventType "swiss"]
[EventRounds "5"]
[EventCountry "CAN"]
[SourceTitle "hb 2012"]

1. e4 c5 2. Nf3 d6 3. c3 Nf6 4. Be2 Nxe4 5. Qa4+ Nc6 6. Qxe4 g6 7. O-O Bg7 8. d4 cxd4 9. Nxd4 d5 10. Qe3 Nxd4 11. cxd4 O-O 12. Bd2 e6 13. Bc3 Bd7 14. Nd2 Qb6 15. Nb3 Bb5 16. Bxb5 Qxb5 17. Rfe1 Rac8 18. Nc5 b6 19. a4 Qc6 20. Nd3 Rfe8 21. Ne5 Bxe5 22. Qxe5 Qc7 23. Qe3 a6 24. Qd3 Qc4 25. Qd2 Rb8 26. Re3 b5 27. axb5 axb5 28. Bb4 Ra8 29. Rc1 Qa2 30. Ra3 Rxa3 31. Bxa3 Qb3 32. h4 Rb8 33. Bd6 Rd8 34. Be5 Rf8 35. Qh6 f6 36. Bd6 Re8 37. Rc7 Qd1+ 38. Kh2 Qa4 39. Qg7# 1-0

[Event "Superfest U1400"]
[Site "Sainte-Adele CAN"]
[Date "2012.08.15"]
[Round "1"]
[White "Tsypin, Allison"]
[Black "Bertin, Francois"]
[Result "1-0"]
[WhiteElo "903"]
[BlackElo "1173"]
[PlyCount "35"]
[GameId "2160767909445570"]
[EventDate "2012.08.15"]
[EventType "swiss"]
[EventRounds "5"]
[EventCountry "CAN"]
[SourceTitle "hb 2012"]

1. d4 d5 2. c4 e6 3. cxd5 exd5 4. Nf3 Be7 5. Nc3 Nf6 6. Bg5 c6 7. e3 Bg4 8. Be2 Nbd7 9. O-O O-O 10. Rb1 Rc8 11. Qc2 Re8 12. b4 b5 13. a3 Ne4 14. Bxe7 Qxe7 15. Nxe4 dxe4 16. Ne1 Bxe2 17. Qxe2 Ne5 18. dxe5 1-0

[Event "Superfest U1400"]
[Site "Sainte-Adele CAN"]
[Date "2012.08.16"]
[Round "2"]
[White "Tsypin, Vadim"]
[Black "Ouimet, Alain"]
[Result "0-1"]
[WhiteElo "1058"]
[BlackElo "1022"]
[PlyCount "168"]
[GameId "2160767739780312"]
[EventDate "2012.08.15"]
[EventType "swiss"]
[EventRounds "5"]
[EventCountry "CAN"]

1. Nf3 Nf6 2. c4 g6 3. Nc3 Bg7 4. d4 d6 5. Bg5 O-O 6. g3 Nbd7 7. Bg2 c6 8. Qd2 Ne8 9. e4 f6 10. Bf4 e5 11. Be3 Nb6 12. b3 Be6 13. d5 cxd5 14. cxd5 Bd7 15. O-O Rc8 16. a4 a6 17. Rfc1 Na8 18. Bf1 Nac7 19. Rc2 f5 20. Rac1 fxe4 21. Ng5 Nf6 22. Ncxe4 Ncxd5 23. Nxd6 Rxc2 24. Rxc2 Nxe3 25. Qxe3 Qe7 26. Bc4+ Kh8 27. Ngf7+ Kg8 28. Nxe5+ Be6 29. Bxe6+ Kh8 30. Nef7+ Kg8 31. Nh6+ Kh8 32. Nhf7+ Rxf7 33. Nxf7+ Kg8 34. Rc8+ Bf8 35. Qc5 Qxc5 36. Rxc5 Bxc5 37. Nd8+ Kf8 38. Nxb7 Bb4 39. Bc4 a5 40. Bd3 Ke7 41. Kg2 Kd7 42. Be2 Kc7 43. Bf3 Nd7 44. h4 Ne5 45. Be4 Ng4 46. f4 Ne3+ 47. Kf3 Nf1 48. Kf2 Nd2 49. Bd5 Nb1 50. g4 $1 Nc3 51. Kf3 Na2 52. f5 gxf5 53. gxf5 Nc1 54. Kf4 Nd3+ 55. Kf3 Ne5+ 56. Kf4 Nd7 57. Kg5 Bd2+ 58. Kg4 Nf6+ 59. Kh3 Nxd5 60. Nxa5 Bxa5 61. Kg4 Kd7 62. Kh5 Ke7 63. Kh6 Nf6 64. Kg7 Bd2 65. h5 Bb4 66. h6 Ba5 67. Kh8 Kd6 68. Kg7 Ke5 69. Kf7 Kxf5 70. Kg7 Kg5 71. Kf7 Bc3 72. Kg7 Kh5 73. a5 Bxa5 74. Kxf6 Kxh6 75. Kf5 Kh5 76. Kf4 Kh4 77. Kf5 h5 78. Kf4 Kh3 79. b4 Bb6 80. b5 h4 81. Kf3 Kh2 82. Kg4 h3 83. Kf3 Kg1 84. Kg3 h2 0-1

[Event "Superfest U1400"]
[Site "Sainte-Adele CAN"]
[Date "2012.08.17"]
[Round "2"]
[White "Couture, Francois"]
[Black "Bertin, Francois"]
[Result "0-1"]
[WhiteElo "838"]
[BlackElo "1173"]
[PlyCount "81"]
[GameId "2160767909445573"]
[EventDate "2012.08.15"]
[EventType "swiss"]
[EventRounds "5"]
[EventCountry "CAN"]

1. d4 d5 2. c4 e6 3. Nf3 Be7 4. Nc3 Nf6 5. c5 c6 6. Ne5 Nbd7 7. Bf4 Nxe5 8. Bxe5 O-O 9. e3 Nd7 10. b4 f6 11. Bg3 e5 12. Bd3 e4 13. Nxe4 dxe4 14. Qb3+ Kh8 15. Bxe4 Qe8 16. O-O f5 17. Bd3 Nf6 18. f4 Ne4 19. Be1 Qg6 20. Rf3 Be6 21. Bc4 Bd5 22. Bxd5 cxd5 23. Qxd5 Qc6 24. Qe5 Rae8 25. d5 Qb5 26. a4 Qd7 27. c6 bxc6 28. dxc6 Qxc6 29. b5 Qd7 30. Rc1 Bd6 31. Qd4 Rc8 32. Bc3 Qe7 33. Rh3 Bb4 34. Qe5 Qxe5 35. fxe5 Rxc3 36. Rf1 Bc5 37. Rhf3 Rxe3 38. g3 Rxf3+ 39. Kg2 Rxf1 40. Kxf1 Re8 41. Ke2 0-1

[Event "Superfest U1400"]
[Site "Sainte-Adele CAN"]
[Date "2012.08.17"]
[Round "2"]
[White "Gao, Christine"]
[Black "Senecal, Jean-Pierre"]
[Result "0-1"]
[WhiteElo "1202"]
[BlackElo "1309"]
[PlyCount "56"]
[GameId "2160767909445574"]
[EventDate "2012.08.15"]
[EventType "swiss"]
[EventRounds "5"]
[EventCountry "CAN"]

1. e4 e5 2. Nf3 d6 3. d4 exd4 4. Nxd4 a6 5. Nc3 Nf6 6. Be3 Be7 7. Qd2 b5 8. f3 O-O 9. O-O-O Bb7 10. h4 Nbd7 11. g4 Ne5 12. g5 Nh5 13. f4 Nc4 14. Bxc4 bxc4 15. Rhg1 g6 16. f5 Re8 17. Rde1 Bf8 18. Bf2 Ng7 19. Bg3 c5 20. f6 cxd4 21. fxg7 Bxg7 22. Ne2 Rxe4 23. Qb4 d3 24. Nc3 Bxc3 25. Qxc3 Qb6 26. Qf6 Rae8 27. Ref1 Bd5 28. Bxd6 Qe3+ 0-1

[Event "Superfest U1400"]
[Site "Sainte-Adele CAN"]
[Date "2012.08.17"]
[Round "2"]
[White "Gauthier, Martin"]
[Black "Rodrigue-Lemieux, Shawn"]
[Result "1-0"]
[WhiteElo "1339"]
[BlackElo "906"]
[PlyCount "75"]
[GameId "2160767909445575"]
[EventDate "2012.08.15"]
[EventType "swiss"]
[EventRounds "5"]
[EventCountry "CAN"]

1. d4 d5 2. c4 e5 3. dxe5 d4 4. Nf3 Nc6 5. e3 Bg4 6. Be2 Bxf3 7. Bxf3 Nxe5 8. Bxb7 Rb8 9. Qa4+ c6 10. Bxc6+ Nxc6 11. Qxc6+ Qd7 12. Qxd7+ Kxd7 13. exd4 Bb4+ 14. Nc3 Nf6 15. O-O Bxc3 16. bxc3 Ne4 17. Bf4 Rb2 18. Rab1 Rxb1 19. Rxb1 Nxc3 20. Rb7+ Ke6 21. g3 a5 22. d5+ Kf6 23. Bd2 Nxa2 24. Bxa5 Ra8 25. Bd2 Kg6 26. c5 Rc8 27. c6 Kf6 28. Rd7 h6 29. c7 g5 30. d6 Kf5 31. Rd8 Rxd8 32. cxd8=Q Ke4 33. Qa8+ Kd3 34. Qxa2 f5 35. Qd5+ Ke2 36. Bb4 f4 37. Kg2 f3+ 38. Qxf3# 1-0

[Event "Superfest U1400"]
[Site "Sainte-Adele CAN"]
[Date "2012.08.17"]
[Round "2"]
[White "Serban, Diana"]
[Black "Satir, Ege Nur"]
[Result "1/2-1/2"]
[WhiteElo "1121"]
[BlackElo "1102"]
[PlyCount "93"]
[GameId "2160767909445576"]
[EventDate "2012.08.15"]
[EventType "swiss"]
[EventRounds "5"]
[EventCountry "CAN"]

1. d4 d5 2. c4 e6 3. Nf3 Nf6 4. Bg5 Be7 5. Nc3 Nbd7 6. cxd5 exd5 7. e3 O-O 8. Bd3 h6 9. Bf4 a6 10. Qc2 c5 11. dxc5 Nxc5 12. O-O Bd6 13. Bxd6 Qxd6 14. Rac1 Bg4 15. Nd4 Rac8 16. Qd2 Rfe8 17. Rfe1 Nfd7 18. h3 Nxd3 19. Qxd3 Ne5 20. Qd2 Bd7 21. Qd1 Nc4 22. b3 Nb6 23. Nce2 Rxc1 24. Qxc1 Rc8 25. Qd2 Qg6 26. Nf4 Qe4 27. Qd3 Qxd3 28. Nxd3 Rc3 29. Ne5 Be6 30. Re2 Nd7 31. Nef3 Nc5 32. Rc2 Rxc2 33. Nxc2 Nd3 34. a3 Nc5 35. b4 Ne4 36. Kf1 Kf8 37. Ke2 Ke7 38. Nfd4 Kd6 39. f3 Nc3+ 40. Kd2 Na4 41. Nxe6 fxe6 42. Kd3 Nb2+ 43. Kc3 Nc4 44. f4 b5 45. Kd4 g5 46. g3 gxf4 47. gxf4 1/2-1/2

[Event "Superfest U1400"]
[Site "Sainte-Adele CAN"]
[Date "2012.08.17"]
[Round "3"]
[White "Couture, Francois"]
[Black "Tsypin, Vadim"]
[Result "0-1"]
[WhiteElo "838"]
[BlackElo "1058"]
[PlyCount "72"]
[GameId "2160767909445578"]
[EventDate "2012.08.15"]
[EventType "swiss"]
[EventRounds "5"]
[EventCountry "CAN"]

1. d4 Nf6 2. c4 g6 3. Nc3 Bg7 4. e3 O-O 5. Nf3 d6 6. h3 a6 7. Bd3 c6 8. e4 b5 9. b3 b4 10. Na4 Bb7 11. O-O a5 12. Be3 Re8 13. d5 cxd5 14. Nb6 dxe4 15. Nxa8 Bxa8 16. Ng5 exd3 17. Qxd3 h6 18. Ne6 Qc8 19. Nd4 Nc6 20. Nf5 Qb7 21. f3 e5 22. Nxd6 Rd8 23. c5 e4 24. Qc4 Qe7 25. Rad1 exf3 26. Rxf3 Ne5 27. Qe2 Nxf3+ 28. gxf3 Nd5 29. Ne4 Nc3 30. Rxd8+ Qxd8 31. Qc4 Qd1+ 32. Kf2 Qc2+ 33. Kg3 Nxe4+ 34. Qxe4 Bxe4 35. h4 Bc6 36. Kf4 Qxa2 0-1

[Event "Superfest U1400"]
[Site "Sainte-Adele CAN"]
[Date "2012.08.17"]
[Round "3"]
[White "Gauthier, Martin"]
[Black "St-Cyr, Xavier"]
[Result "0-1"]
[WhiteElo "1339"]
[BlackElo "1231"]
[PlyCount "104"]
[GameId "2160767909445580"]
[EventDate "2012.08.15"]
[EventType "swiss"]
[EventRounds "5"]
[EventCountry "CAN"]

1. e4 e5 2. Nf3 Nc6 3. Bc4 Bc5 4. Nc3 Nf6 5. d3 h6 6. O-O O-O 7. Be3 Bxe3 8. fxe3 Re8 9. Nh4 Na5 10. Nf5 Nxc4 11. dxc4 d6 12. Qf3 Be6 13. b3 Nh7 14. Qg3 Qg5 15. Rf3 Kh8 16. Qxg5 Nxg5 17. Rf2 a6 18. Raf1 f6 19. Ng3 Bf7 20. Nd5 Rac8 21. Nxf6 gxf6 22. Rxf6 Bg8 23. Rxh6+ Nh7 24. Nf5 Re6 25. Rxe6 Bxe6 26. Ne7 Re8 27. Nd5 Bxd5 28. exd5 Rf8 29. Re1 Kg7 30. g3 Kg6 31. e4 Ng5 32. h3 Kh6 33. h4 Nh7 34. b4 Kh5 35. c5 Kg4 36. Re3 Rf7 37. c4 Nf8 38. cxd6 cxd6 39. c5 dxc5 40. bxc5 Nd7 41. Rc3 Nb8 42. Rb3 b5 43. cxb6 Rb7 44. a4 a5 45. Rb5 Nd7 46. Rxa5 Rxb6 47. Ra7 Rb2 48. Kf1 Nc5 49. Rc7 Nxe4 50. Rc1 Kf3 51. Ra1 Nxg3+ 52. Kg1 Rg2# 0-1

[Event "Superfest U1400"]
[Site "Sainte-Adele CAN"]
[Date "2012.08.17"]
[Round "3"]
[White "Ouimet, Alain"]
[Black "Gao, Christine"]
[Result "0-1"]
[WhiteElo "1022"]
[BlackElo "1202"]
[PlyCount "82"]
[GameId "2160767909445581"]
[EventDate "2012.08.15"]
[EventType "swiss"]
[EventRounds "5"]
[EventCountry "CAN"]

1. Nf3 d5 2. d3 c6 3. g3 Nf6 4. Bg2 g6 5. O-O Bg7 6. Bf4 O-O 7. c3 Qb6 8. Qc2 c5 9. Nbd2 Nc6 10. Nb3 Bg4 11. Ne5 Nxe5 12. Bxe5 Rfd8 13. h3 Be6 14. d4 c4 15. Nc5 Bf5 16. e4 dxe4 17. Nxe4 Nxe4 18. Bxe4 Bxe5 19. dxe5 Bxh3 20. Rfe1 Be6 21. Rab1 Bd5 22. Bxd5 Rxd5 23. Qe4 Rd2 24. Qf4 Rad8 25. Re4 Rxb2 26. Rxb2 Qxb2 27. Rxc4 Qxa2 28. Rc7 Rd1+ 29. Kg2 Qd5+ 30. Qf3 Rg1+ 31. Kxg1 Qxf3 32. Rxe7 Qxc3 33. Kg2 a5 34. Kh3 a4 35. Kg4 h6 36. f4 a3 37. Re8+ Kg7 38. e6 fxe6 39. Rxe6 a2 40. Re7+ Kf6 41. Rxb7 Qc8+ 0-1

[Event "Superfest U1400"]
[Site "Sainte-Adele CAN"]
[Date "2012.08.17"]
[Round "3"]
[White "Rodrigue-Lemieux, Shawn"]
[Black "Plouffe, Michel"]
[Result "1-0"]
[WhiteElo "906"]
[BlackElo "1127"]
[PlyCount "41"]
[GameId "2160767909445582"]
[EventDate "2012.08.15"]
[EventType "swiss"]
[EventRounds "5"]
[EventCountry "CAN"]

1. e4 e5 2. f4 Nc6 3. Nf3 exf4 4. Bc4 Bc5 5. d4 Bb6 6. Bxf4 d6 7. O-O Bg4 8. c3 Nf6 9. Nbd2 Nxd4 10. cxd4 Bxd4+ 11. Kh1 Bxb2 12. Rb1 Ba3 13. Qb3 Bc5 14. Bxf7+ Kf8 15. Bd5 c6 16. Be6 Bxe6 17. Qxe6 d5 18. e5 Nh5 19. Be3 Bxe3 20. Ng5+ Nf4 21. Qf7# 1-0